Dudu cara de feliz, Dudu cara de triste (Record no. 48455)

MARC details
000 -LÍDER
campo de controle de tamanho fixo 00364 a2200145 4500
001 - NÚMERO DE CONTROLE
campo de controle 48455
020 ## - ISBN - INTERNATIONAL STANDARD BOOK NUMBER
ISBN - International Standard Book Number 9788581841267
040 ## - FONTE DA CATALOGAÇÃO
Instituição que transcreveu o registro Anchieta - Bela Vista
100 ## - ENTRADA PRINCIPAL--NOME PESSOAL
Nome pessoal França, Mary
240 10 - TÍTULO UNIFORME
Título uniforme Dudu cara de feliz, Dudu cara de triste
Idioma da obra por
245 10 - TÍTULO
Título Dudu cara de feliz, Dudu cara de triste
362 0# - DATAS DE PUBLICAÇÃO E/OU DESIGNAÇÃO SEQUENCIAL
Datas de publicação e/ou designação sequencial 2017
650 #4 - ASSUNTO--TERMO TÓPICO
Cabeçalho tópico ou nome geográfico Literatura infantil
942 ## - ELEMENTOS DE ENTRADA ADICIONADOS (KOHA)
Tipo de material Koha Livros
Holdings
Situação do descarte Situação das perdas Situação física Não pode ser emprestado Biblioteca de origem Biblioteca atual Data de aquisição Total de empréstimos Número de chamada completo Código de barras Data de último acesso Data do preço efetivo Tipo de material Koha
        Colégio Anchieta - Bela Vista Colégio Anchieta - Bela Vista 21/11/2023   LI 028.5 F814d FRA DUD 448/BEL 21/11/2023 21/11/2023 Livros